Statistics for New Zealand Cricket Teams

Click here to take the quiz!

General Stats

  • This quiz has been taken 198 times
  • The average score is 5 of 6

Answer Stats

team% Correct
Auckland
95%
Wellington
89%
Otago
85%
Canterbury
77%
Central Districts
64%
Northern Districts
64%

Score Distribution

Percentile by Number Answered

Percent of People with Each Score

Your Score History

You have not taken this quiz